আবদুল হক চৌধুরী রচনাবলি / (Record no. 39801)
[ view plain ]
| 000 -LEADER | |
|---|---|
| fixed length control field | 01204nam a2200289 a 4500 |
| 001 - CONTROL NUMBER | |
| control field | 39801 |
| 003 - CONTROL NUMBER IDENTIFIER | |
| rucl marc code | BD-RjUL |
| 005 - DATE AND TIME OF LATEST TRANSACTION | |
| control field | 20211209053048.0 |
| 008 - FIXED-LENGTH DATA ELEMENTS--GENERAL INFORMATION | |
| fixed length control field | 160418m20132011bg a|||| |||| 00| 0dben d |
| 020 ## - INTERNATIONAL STANDARD BOOK NUMBER | |
| International Standard Book Number | 9840749366 (V-1) |
| Terms of availability | : Tk. 435.00 |
| International Standard Book Number | 9840751417 (V-2) |
| Terms of availability | : Tk. 640.00 |
| 035 ## - SYSTEM CONTROL NUMBER | |
| System control number | (BD-RjUL) 39914 |
| 040 ## - CATALOGING SOURCE | |
| Original cataloging agency | BD-RjUL |
| Language of cataloging | ben |
| Transcribing agency | BD-RjUL |
| 041 ## - LANGUAGE CODE | |
| Language code of text/sound track or separate title | ben |
| 082 ## - DEWEY DECIMAL CLASSIFICATION NUMBER | |
| Edition number | 23 |
| Classification number | 954.923 |
| Author mark and year | ABD 2011-2013 |
| 245 00 - TITLE STATEMENT | |
| Title | আবদুল হক চৌধুরী রচনাবলি / |
| Statement of responsibility, etc. | আবদুল করিম সম্পাদনা |
| 260 ## - PUBLICATION, DISTRIBUTION, ETC. (IMPRINT) | |
| Place of publication, distribution, etc. | ঢাকা : |
| Name of publisher, distributor, etc. | বাংলা একাডেমী, |
| Date of publication, distribution, etc. | ২০১১-২০১৩ |
| 300 ## - PHYSICAL DESCRIPTION | |
| Pagination | ২ খণ্ড : |
| Illustrations | চিত্র ; |
| Size | ২২ সেমি. |
| 490 ## - SERIES STATEMENT | |
| Series statement | বাএ ; |
| Volume/sequential designation | ৪৯২৮ |
| Series statement | বাএ ; |
| Volume/sequential designation | ৫১২২ |
| 505 ## - FORMATTED CONTENTS NOTE | |
| Formatted contents note | খণ্ড ১ --- খণ্ড ২ --- |
| 650 ## - SUBJECT ADDED ENTRY--TOPICAL TERM | |
| Topical term or geographic name as entry element | বাংলাদেশ |
| Geographic subdivision | চট্টগ্রাম |
| General subdivision | ইতিহাস |
| 9 (RLIN) | 122608 |
| Topical term or geographic name as entry element | Bangldesh |
| Geographic subdivision | Chittagong |
| General subdivision | History |
| 9 (RLIN) | 122609 |
| 700 ## - ADDED ENTRY--PERSONAL NAME | |
| Personal name | করিম, আবদুল, সম্পাদক |
| 830 ## - SERIES ADDED ENTRY--UNIFORM TITLE | |
| Uniform title | বাএ ; |
| Volume number/sequential designation | ৪৯২৮ |
| Uniform title | বাএ ; |
| Volume number/sequential designation | ৫১২২ |
| 942 ## - ADDED ENTRY ELEMENTS (KOHA) | |
| Source of classification or shelving scheme | Dewey Decimal Classification |
| Koha item type | Books |
| Lost status | Source of classification or shelving scheme | Damaged status | Not for loan | Collection code | Permanent Location | Current Location | Shelving location | Date acquired | Source of acquisition | Cost, normal purchase price | Total Checkouts | Full call number | Date last seen | Copy number | Koha item type |
|---|---|---|---|---|---|---|---|---|---|---|---|---|---|---|---|
| Dewey Decimal Classification | Not For Loan | Non-fiction | Central Library, University of Rajshahi | Central Library, University of Rajshahi | Reading Room | 16/04/2016 | RU | 435.00 | B 954.923 ABD V-1 2011 | 18/04/2016 | C-1 | Books | |||
| Dewey Decimal Classification | Non-fiction | Central Library, University of Rajshahi | Central Library, University of Rajshahi | 16/04/2016 | RU | 435.00 | B 954.923 ABD V-1 2011 | 18/04/2016 | C-2 | Books | |||||
| Dewey Decimal Classification | Non-fiction | Central Library, University of Rajshahi | Central Library, University of Rajshahi | 16/04/2016 | RU | 435.00 | B 954.923 ABD V-1 2011 | 18/04/2016 | C-3 | Books | |||||
| Dewey Decimal Classification | Not For Loan | Non-fiction | Central Library, University of Rajshahi | Central Library, University of Rajshahi | Reading Room | 16/04/2016 | RU | 640.00 | B 954.923 ABD V-2 2013 | 18/04/2016 | C-1 | Books | |||
| Dewey Decimal Classification | Non-fiction | Central Library, University of Rajshahi | Central Library, University of Rajshahi | 16/04/2016 | RU | 640.00 | B 954.923 ABD V-2 2013 | 18/04/2016 | C-2 | Books | |||||
| Dewey Decimal Classification | Non-fiction | Central Library, University of Rajshahi | Central Library, University of Rajshahi | 16/04/2016 | RU | 640.00 | B 954.923 ABD V-2 2013 | 18/04/2016 | C-3 | Books |